Statistics for Common French Verbs

Click here to take the quiz!

General Stats

  • This quiz has been taken 142 times
  • The average score is 8 of 9

Answer Stats

Hint Answer % Correct
ÊtreTo Be
98%
AllerTo Go
98%
AvoirTo Have
95%
FaireTo DO
95%
VoirTo See
90%
VouloirTo Want
85%
DireTo Say
83%
SavoirTo Know
76%
PouvoirTo Be Able
59%

Score Distribution

Percentile by Number Answered

Percent of People with Each Score

Your Score History

You have not taken this quiz